[Event "Manavgat Turkey Cup"]
[Site "Manavgat"]
[Date "2015.02.03"]
[Round "6"]
[White "Kukul, Yigit"]
[Black "Civi, Akin"]
[Result "0-1"]
[WhiteElo "1375"]
[BlackElo "1628"]
[PlyCount "83"]
[EventDate "2015.01.31"]
[EventType "swiss"]
[EventRounds "11"]
[EventCountry "TUR"]
[SourceTitle "CBM 164 Extra"]
[Source "ChessBase"]
[SourceDate "2015.03.02"]
[SourceVersion "1"]
[SourceVersionDate "2015.03.02"]
[SourceQuality "1"]

1. d4 c5 2. e3 Nf6 3. c4 e6 4. Nf3 d5 5. cxd5 Nxd5 6. Nc3 Nc6 7. a3 Be7 8. dxc5 Nxc3 9. Qxd8+ Kxd8 10. bxc3 Bxc5 11. Bb2 Ke7 12. Be2 f6 13. 0-0 e5 14. Rfd1 Be6 15. c4 Rac8 16. Bc3 Bb6 17. Rab1 Rc7 18. Nd2 Rhc8 19. Bf3 Ba5 20. Bb4+ Kf7 21. Bxc6 Bxb4 22. axb4 bxc6 23. c5 f5 24. Nf3 Kf6 25. Ra1 Bd5 26. Kf1 Rb8 27. Rdb1 Rcb7 28. Ra4 a5 29. Rxa5 Rxb4 30. Rxb4 Rxb4 31. Nd2 Rb2 32. Ke1 Rb5 33. Rxb5 cxb5 34. g3 Ke6 35. Kd1 Kd7 36. Kc2 Kc6 37. Nb3 Bxb3+ 38. Kxb3 Kxc5 39. Kc3 b4+ 40. Kb3 e4 41. h3 g6 42. g4 0-1